Surveillance, power and modernity : bureaucracy and discipline from 1700 to the present day
Αποθηκεύτηκε σε:
| Κύριος συγγραφέας: | |
|---|---|
| Μορφή: | Βιβλίο |
| Γλώσσα: | English |
| Δημοσίευση: |
Cambridge :
Polity Press,
1994
|
| Θέματα: | |
| Ετικέτες: |
Προσθήκη ετικέτας
Δεν υπάρχουν, Καταχωρήστε ετικέτα πρώτοι!
|
MARC
| LEADER | 00000nam a2200000 i 4500 | ||
|---|---|---|---|
| 001 | 1/89887 | ||
| 008 | 950607s1994 eng d | ||
| 020 | |a 0-7456-1342-X | ||
| 035 | |a 1995 |b 2 |c Βρατσάλης |l 10035859 | ||
| 035 | |a 1995 |c ΤΣΙΒΑΚΟΥ | ||
| 040 | |a GR-MY-UA |b gre |e aacr | ||
| 041 | 0 | |a eng | |
| 082 | 0 | |a 303.3 | |
| 100 | 1 | |a Dandeker, Christopher. | |
| 245 | 1 | 0 | |a Surveillance, power and modernity : |b bureaucracy and discipline from 1700 to the present day / |c Christopher Dandeker |
| 260 | |a Cambridge : |b Polity Press, |c 1994 | ||
| 300 | |a ix, 243 p.; |b ill.; |c 23 cm. | ||
| 500 | |a Includes bibliographical references and index | ||
| 650 | 0 | 0 | |a Power (Social sciences) |x History. |
| 650 | 0 | 0 | |a Bureaucracy |x History. |
| 650 | 0 | 0 | |a Abuse of administrative power |x History. |
| 650 | 0 | 0 | |a Social control |x History. |
| 852 | |a INST |b RHODES |e 19970610 |h 303.3 DAN |p 005400005327 |q 005400005327 |t BK |y 0 | ||
| 852 | |a INST |b SAMOS |e 19950607 |h 303.3 DAN |p 005300005629 |q 005300005629 |t BK |y 0 | ||
| 909 | |a Ρ |b 042025 |c 1995 | ||
| 909 | |a Σ |b 039069 | ||